logo

Bir Sreshtho Munshi Abdur Rouf Library
Jhenaidah Cadet College

মহানবী (সা;) জীবন চরিত / (Record no. 13999)

MARC details
000 -LEADER
fixed length control field 00880nam a2200241 a 4500
001 - CONTROL NUMBER
JCCL Control Number 13999
003 - CONTROL NUMBER IDENTIFIER
JCCL marc code BD-JhCC
005 - DATE AND TIME OF LATEST TRANSACTION
control field 20240523102737.0
008 - FIXED-LENGTH DATA ELEMENTS--GENERAL INFORMATION
fixed length control field 180802s1998 bg |||| ||a| 000 0 mul d
020 ## - INTERNATIONAL STANDARD BOOK NUMBER
International Standard Book Number 9840604546
035 ## - SYSTEM CONTROL NUMBER
system control number (BD-JhCC)13999
040 ## - CATALOGING SOURCE
Original cataloging agency BD-JhCC
Modifying agency BD-JhCC
041 ## - LANGUAGE CODE
Language code of Book mul
082 ## - DEWEY DECIMAL CLASSIFICATION NUMBER
Classification number 297.63
Author mark and Year HAI 1998
100 ## - MAIN ENTRY--PERSONAL NAME
Personal name কায়কল,ড. মহাম্মদ হোসাইন
245 ## - TITLE STATEMENT
Title মহানবী (সা;) জীবন চরিত /
Remainder of title ড. মহাম্মদ হোসাইন কায়কল, অনু: মওলানা আবদুল আউয়াল।
260 ## - PUBLICATION, DISTRIBUTION, ETC. (IMPRINT)
Place of publication, distribution, etc ঢাকা :
Name of publisher, distributor, etc ইফাবা;
Date of publication, distribution, etc 1998.
300 ## - PHYSICAL DESCRIPTION
Pagination ৬৪৪ পৃ. :
Dimensions ২১ সেমি.
600 ## - SUBJECT ADDED ENTRY--PERSONAL NAME
Personal name Prophet Mohammad (SM)
650 ## - SUBJECT ADDED ENTRY--TOPICAL TERM
Topical term or geographic name as entry element Islam
700 ## - ADDED ENTRY--PERSONAL NAME
Personal name আউয়াল, মওলানা আবদুল
942 ## - ADDED ENTRY ELEMENTS (KOHA)
Source of classification or shelving scheme Dewey Decimal Classification
Koha item type Books
Holdings
Source of classification or shelving scheme Damaged status Not for loan Home library Current library Shelving location Date of accession Cost, normal purchase price Total Checkouts Full call number Barcode Date last seen Copy number Method of acquisition Koha item type Currency
Dewey Decimal Classification     JCC Rouf Library JCC Rouf Library General Stacks   250.00   297.63 HAI 1998 19508 05/23/2024 C-1 Purchase Books BDT

JCC Library | Contacts | JCC Home

Last Update on 23 September 2017
Copyright @ 2017-2020 JCC Rouf Library
Rouf Library, Jhenidah Cadet College (JCC), Bangladesh